Responsabilidad solidaria de directores y administradores (Registro nro. 13741)
[ vista simple ]
| 000 -LEADER | |
|---|---|
| fixed length control field | 00345 a2200109 4500 |
| 001 - CONTROL NUMBER | |
| control field | ART_31005 |
| 005 - DATE AND TIME OF LATEST TRANSACTION | |
| control field | 20260410161645.0 |
| 008 - FIXED-LENGTH DATA ELEMENTS--GENERAL INFORMATION | |
| fixed length control field | 260409a |
| 100 1# - MAIN ENTRY--PERSONAL NAME | |
| Personal name | Caranta, Martín R. |
| 245 10 - TITLE STATEMENT | |
| Title | Responsabilidad solidaria de directores y administradores |
| 773 0# - HOST ITEM ENTRY | |
| Title | Consultor tributario |
| Related parts | - Año 9, Nº 101 (jul. 2015) |
| Record control number | REV474 |
No hay ítems disponibles.